| 000 | 00810cam a2200253 a 4500 | ||
|---|---|---|---|
| 001 | 000009196 | ||
| 005 | 20200929161521.0 | ||
| 008 | 910305s1986 sp 000 0 spa | ||
| 020 | _a8433917323 | ||
| 035 | _a(DLC) 91745119 | ||
| 040 |
_aDO-SdBNP _bspa _cDLC _dBNPHU |
||
| 082 |
_a863.64 _bO65p |
||
| 100 | 1 |
_aOrdaz, Jorge, _d1946- _923875 |
|
| 245 | 1 | 0 |
_aPrima donna : _bo la vida de Angelica Caffi, cantante / _cJorge Ordaz ; ilustración de Gustav Klimt. |
| 260 |
_aBarcelona : _bAnagrama, _c1986. |
||
| 300 |
_a153 p. ; _c20 cm. |
||
| 490 | 1 |
_aNarrativas hispánicas _v32 |
|
| 650 | 4 |
_aNovela española _91123 |
|
| 650 | 4 |
_aLiteratura española _9632 |
|
| 700 | 1 |
_aKlimt, Gustav, _eil. _923876 |
|
| 830 | 0 |
_aNarrativas hispánicas ; _v32 _921236 |
|
| 910 | _aCatalogación por copia / LC | ||
| 049 | _aBNGR | ||
| 999 |
_c8959 _d8959 |
||